Statistics for Country Transits: Closest Countries to Panama by Starting Letter

Click here to take the quiz!

General Stats

  • This quiz has been taken 148 times
  • The average score is 18 of 24

Answer Stats

Letter Country % Correct
CColombia-Costa Rica (1)
99%
AArgentina (3)
94%
BBrazil (2)
94%
EEcuador (2)
93%
VVenezuela (2)
93%
HHonduras (3)
93%
UUruguay (3)
90%
NNicaragua (2)
90%
YYemen (11)
88%
QQatar (11)
88%
ZZambia (11)
86%
GGuyana (3)
86%
OOman (11)
85%
PPeru (2)
82%
FFrance (3)
81%
SSuriname (3)
80%
DDenmark (5)
72%
JJordan (10)
64%
IItaly (4)
62%
RRussia (6)
49%
KKazakhstan (7)
46%
LLuxembourg (4)
45%
MMonaco (4)
36%
TTunisia (7)
30%

Score Distribution

Percentile by Number Answered

Percent of People with Each Score

Your Score History

You have not taken this quiz